| 000 | 00942aam a2200277 4500 | ||
|---|---|---|---|
| 005 | 20250919185111.0 | ||
| 008 | 150519b2007 xxu||||| |||| 00| 0 spa d | ||
| 020 | _a9977133735 | ||
| 041 | _aESP | ||
| 082 | _a351.0076 C8374c | ||
| 100 | _aCosta Rica. Leyes, decretos, etc. | ||
| 245 | _aLey general de control interno | ||
| 260 | _aCosta Rica | ||
| 260 | _bIJSA | ||
| 260 | _c2007 | ||
| 300 | _a241 páginas | ||
| 490 | _aTemática General | ||
| 505 | _aManual de normas generales de control interno para Contraloría General de la República y entidades y organos sujetos de fiscalización 2. Manual de normas para ejercicio de la Auditoria Interna en el sector publico. 3. Manual de normas de auditoria para el sector público. | ||
| 650 | _aCOSTA RICA | ||
| 650 | _aCONTROL INTERNO | ||
| 650 | _aLEGISLACIÓN | ||
| 650 | _aADMINISTRACIÓN PUBLICA | ||
| 650 | _aDERECHO ADMINISTRATIVO | ||
| 942 |
_cBK _2ddc |
||
| 999 |
_c13 _d13 |
||